000 00535nam a2200157 a 4500
001 000037975
005 20201002031139.0
008 130311s19uu dr 000 0 spa d
040 _aDO-SdBNP
_bspa
_cBNPHU
110 1 _aRepública Dominicana
_bAlianza Páis
_964382
245 1 0 _aObjetivos políticos estratégicos y programáticos :
_bmaterial de estudio del grupo inicial.
260 _aSanto Domingo :
_bAlianza País,
_c[20-?].
300 _a17 p. ;
_c22 cm.
490 1 _aAlinza País
_vno. 2
830 0 _aAlianza País
_nno. 2
_964383
999 _c37465
_d37465